|
|
|
|
| LEADER |
01149nam a2200313 a 4500 |
| 001 |
3957002 |
| 005 |
20141025124939.0 |
| 008 |
141025s1993 ii ab b 001 0 eng |
| 010 |
|
|
|a 93908520
|
| 020 |
|
|
|a 9780143031062
|
| 020 |
|
|
|a 000215725X
|
| 040 |
|
|
|a DLC
|c DLC
|d BD-DhAAL
|
| 050 |
0 |
0 |
|a DS486.D3
|b D27 1993
|
| 082 |
0 |
0 |
|a 954/.56
|2 20
|
| 999 |
|
|
|c 32984
|d 32984
|
| 999 |
|
|
|c 32984
|
| 100 |
1 |
|
|a Dalrymple, William.
|9 5841
|
| 245 |
1 |
0 |
|a City of Djinns :
|b a year of Delhi /
|c William Dalrymple ; illustrations by Olivia Fraser.
|
| 260 |
|
|
|a New Delhi :
|b Penguin Books,
|c 1993.[2004]
|
| 300 |
|
|
|a 351 p. :
|b ill., map ;
|c 24 cm.
|
| 500 |
|
|
|a Map on lining papers.
|
| 504 |
|
|
|a Includes bibliographical references (p. 344-347) and index.
|
| 541 |
|
|
|e 28495
|
| 651 |
|
0 |
|a Delhi (India)
|x Description and travel.
|9 5842
|
| 651 |
|
0 |
|a Delhi (India)
|x Social life and customs.
|9 5843
|
| 700 |
|
|
|a Fraser, Olivia
|9 5844
|
| 942 |
|
|
|2 ddc
|c BK
|
| 955 |
|
|
|a
|
| 952 |
|
|
|0 0
|1 0
|2 ddc
|4 0
|6 954_560000000000000_DAL
|7 0
|9 43936
|a BRACUL
|b BRACUL
|c GEN
|d 2014-10-25
|e Riza Enterprise
|g 520.00
|l 8
|m 50
|o 954.56 DAL
|p 3010028495
|r 2026-01-17
|s 2026-01-06
|t 1
|w 2014-10-25
|y BK
|